书目信息 |
| 题名: |
精细化学品检验技术
|
|
| 作者: | 龚盛昭 , 高洪潮 主编 | |
| 分册: | ||
| 出版信息: | 北京 科学出版社 2010 |
|
| 页数: | 314页 | |
| 开本: | 26cm | |
| 丛书名: | 高职高专应用化工类专业教材系列 | |
| 单 册: | ||
| 中图分类: | TQ075 | |
| 科图分类: | ||
| 主题词: | 精细化工--化工产品--质量检验--高等教育--教材 , 精细化工 , 化工产品 , 质量检验 | |
| 电子资源: | ||
| ISBN: | 978-7-03-028590-4 | |
| 000 | 01302nam0 2200325 450 | |
| 001 | 278 | |
| 005 | 20160905165641.48 | |
| 010 | @a978-7-03-028590-4@dCNY32.00 | |
| 090 | @aTQ07@bgsz | |
| 096 | @aTQ07@bgsz | |
| 100 | @a20101030d2010 em y0chiy50 ea | |
| 101 | 0 | @achi |
| 102 | @aCN@b110000 | |
| 105 | @aa z 000yy | |
| 200 | 1 | @a精细化学品检验技术@b专著@f龚盛昭,高洪潮主编@9jing xi hua xue pin jian yan ji shu |
| 210 | @a北京@c科学出版社@d2010 | |
| 215 | @a314页@c图@d26cm | |
| 225 | @a高职高专应用化工类专业教材系列@9 gao zhi gao zhuan ying yong hua gong lei zhuan ye jiao cai xi lie | |
| 300 | @a普通高等教育“十一五”国家级规划教材 | |
| 330 | @a本书介绍了精细化工产品的通常项目(密度、熔点、凝同点、沸点、折射率、旋光度、水分、黏度、pH等)的检验、日用化工产品(表面活性剂、洗涤用品、化妆品、香精香料、涂料染料和颜料)的检验、油墨的检验、胶黏剂的检验以及其他精细化学品(食品添加剂、化学试剂、农药)的检验。 | |
| 461 | 0 | @12001 @a高职高专应用化工类专业教材系列 |
| 606 | 0 | @a精细化工@x化工产品@x质量检验@x高等教育@j教材 |
| 606 | 0 | @a精细化工 |
| 606 | 0 | @a化工产品 |
| 606 | 0 | @a质量检验 |
| 690 | @aTQ075@v4 | |
| 701 | @a龚盛昭@f(1970~)@4主编@9gong sheng zhao | |
| 701 | @a高洪潮@4主编@9gao hong chao | |
| 801 | 0 | @aCN@b唐山师范学院图书馆@c20160721 |
| 905 | @aZUCC@dTQ075@e265 | |
| 精细化学品检验技术/龚盛昭,高洪潮主编.-北京:科学出版社,2010 |
| 314页:图;26cm.-(高职高专应用化工类专业教材系列) |
| 普通高等教育“十一五”国家级规划教材 |
| ISBN 978-7-03-028590-4:CNY32.00 |
| 本书介绍了精细化工产品的通常项目(密度、熔点、凝同点、沸点、折射率、旋光度、水分、黏度、pH等)的检验、日用化工产品(表面活性剂、洗涤用品、化妆品、香精香料、涂料染料和颜料)的检验、油墨的检验、胶黏剂的检验以及其他精细化学品(食品添加剂、化学试剂、农药)的检验。 |
| ● |
| 相关链接 |
|
|
|
|
正题名:精细化学品检验技术
索取号:TQ075/265
 
预约/预借
| 序号 | 登录号 | 条形码 | 馆藏地/架位号 | 状态 | 备注 |
| 1 | 901180 | 209011807 | 第二样本阅览室/ [索取号:TQ075/265] | 在馆 | |
| 2 | 901181 | 209011816 | 第三借阅区/ [索取号:TQ075/265] | 在馆 | |
| 3 | 901182 | 209011825 | 第三借阅区/ [索取号:TQ075/265] | 在馆 | |
| 4 | 901183 | 209011834 | 密集书库-化学系/ [索取号:TQ075/265] | 在馆 |